[Event "Summer Cup"]
[Site "Wellington Chess Club"]
[Date "2013.02.28"]
[Round "4"]
[White "Nijman, Brian"]
[Black "Van der Hoorn, Mark"]
[Result "0-1"]
[WhiteElo "2153"]
[BlackElo "2165"]

1. e4 e6 2. Nf3 d5 3. Nc3 Nf6 4. e5 Nfd7 5. Ne2 c5 6. c3 c4 7. d4 cxd3 8. Ned4
Nc6 {#Diagram} 9. Qa4 $2 {This leads to difficulties} 9... Nc5 10. Nxc6 bxc6
11. Qd4 ( {Of course not} 11. Qxc6+ Bd7 {trapping the queen} ) 11... Ba6 12.
Nd2 Nd7 13. Nb3 Qb6 14. Be3 c5 15. Qf4 Qb8 16. O-O-O c4 17. Nd4 Qb7 18. Kb1 Ba3
19. Bc1 Nc5 {#Diagram Black's position is rather beautiful} 20. b4 {An
understandable attempt to break the shackles} 20... Bxb4 $1 {Just like last
week, Mark grabs the opportunity to sac a piece to strengthen his attack even
more} 21. cxb4 Qxb4+ 22. Ka1 Rb8 23. Nb3 Nxb3+ 24. axb3 Qxb3 {And now mate in
three} 0-1

[Event "Summer Cup"]
[Site "Wellington Chess Club"]
[Date "2013.02.28"]
[Round "4"]
[White "Pandey, Alok"]
[Black "Heaton, Ken"]
[Result "1-0"]
[WhiteElo "1833"]
[BlackElo "1653"]

1. Nf3 Nf6 2. g3 d5 3. Bg2 e6 4. d4 Be7 5. O-O O-O 6. Nbd2 Nbd7 7. c4 c6 8. Qc2
dxc4 9. Nxc4 Nb6 10. Nce5 Qc7 11. e4 Nbd7 12. Bf4 Nxe5 13. Bxe5 Qd7 14. Rad1
Rd8 15. h4 Qe8 16. Rfe1 Ng4 17. Bc7 Rd7 18. Bf4 Bd6 19. Bxd6 Rxd6 {#Diagram
White's position belongs in an art gallery} 20. e5 Rd8 21. Bh3 f5 22. Bxg4 fxg4
23. Ng5 Qg6 24. Qxg6 hxg6 25. Re4 Rd5 26. Rxg4 Bd7 27. Rf4 Rf8 28. Re4 Bc8 29.
Kf1 Rfd8 30. Rf4 Rf8 31. Rxf8+ Kxf8 32. Ke2 Ke7 33. b4 b6 34. Ke3 c5 35. bxc5
bxc5 36. f4 cxd4+ 37. Rxd4 Rxd4 38. Kxd4 {#Diagram The extra pawn, the broken
Black pawns, and the superiority of the knight make this ending an easy win.
White wraps up nicely.} 38... Ba6 39. a4 Be2 40. Kc5 Bd3 41. a5 a6 42. Nf3 Kd7
43. Nd4 Be4 44. Kb6 Bd3 45. Nc6 Bb5 46. Nb8+ Kc8 47. Nxa6 Bxa6 48. Kxa6 Kb8 49.
Kb6 Ka8 50. Kc6 1-0

[Event "Summer Cup"]
[Site "Wellington Chess Club"]
[Date "2013.02.28"]
[Round "4"]
[White "Pomeroy, Arthur"]
[Black "Meyer, Marany"]
[Result "1/2-1/2"]
[WhiteElo "2108"]
[BlackElo "2064"]

1. e4 d6 2. d4 g6 3. Nc3 Bg7 4. f4 Nf6 5. Nf3 O-O 6. Be3 c6 7. Bd3 Re8 8. Qe2
Nbd7 9. e5 dxe5 10. fxe5 Nd5 11. Nxd5 cxd5 12. O-O Nf8 13. Qf2 f6 14. Rae1 a6
15. Qh4 b5 16. Bh6 Ra7 17. Bxg7 Kxg7 18. Rf2 f5 19. g4 e6 20. g5 Kg8 21. a3
Ree7 22. Nd2 Rec7 23. Nb3 Nd7 24. Re3 Nf8 25. Rh3 Rf7 26. Nc5 Qb6 27. b4 a5 28.
Qf4 axb4 29. axb4 Nd7 30. Qd2 Nxc5 31. bxc5 1/2-1/2

[Event "Summer Cup"]
[Site "Wellington Chess Club"]
[Date "2013.02.28"]
[Round "4"]
[White "Rossiter, Philip"]
[Black "Farrington, Lawrence"]
[Result "1/2-1/2"]
[WhiteElo "1820"]
[BlackElo "1730"]

1. d4 d5 2. c4 Nc6 3. Nf3 Bg4 4. cxd5 Bxf3 5. dxc6 Bxc6 6. Nc3 e6 7. e4 Bb4 8.
f3 Qd7 9. Be3 Nf6 10. Bd3 Rd8 11. O-O Bc5 12. dxc5 Qxd3 13. Qe2 Qxe2 14. Nxe2
Bb5 15. Rfe1 O-O 16. Nd4 Bc6 17. Rad1 e5 18. Nf5 Rfe8 19. Bg5 Kf8 20. Bh4 Rd7
21. Ne3 Red8 22. Bg3 Rxd1 23. Rxd1 Rxd1+ 24. Nxd1 Nd7 25. b4 f6 26. Nc3 a6 27.
Kf2 b5 28. Ke3 Ke7 29. f4 Ke6 30. f5+ Ke7 31. Kd3 Nf8 32. Nd5+ Kd8 33. Be1 Be8
34. g4 c6 35. Nc3 h6 36. Bd2 Nh7 37. h4 Bf7 38. a3 Bc4+ 39. Ke3 Ke7 40. Nd1 Kf8
41. Kf3 Bb3 42. Nf2 Bc2 43. Nh3 Bd1+ 44. Kg3 Bc2 45. Kf3 1/2-1/2

[Event "Summer Cup"]
[Site "Wellington Chess Club"]
[Date "2013.02.28"]
[Round "4"]
[White "Sellen, Ian"]
[Black "Marney, John"]
[Result "1-0"]
[WhiteElo "2033"]
[BlackElo "1586"]

1. c4 Nf6 2. Nc3 e6 3. Nf3 c5 4. g3 d5 5. cxd5 exd5 6. d4 Nc6 7. Bg2 Be7 8. O-O
O-O 9. Re1 $2 Re8 10. e3 Bg4 11. dxc5 Bxc5 12. Na4 $2 Bf8 {wrong plan} 13. Qb3
$2 Rb8 14. Bd2 $2 Ne4 $1 15. Qc2 Nxd2 $2 {Just when I'm feeling the pressure,
my opponent swaps off his powerful pieces for my weak ones} 16. Qxd2 Bxf3 17.
Bxf3 Bb4 18. Nc3 d4 19. exd4 Rxe1+ 20. Rxe1 Qxd4 21. Rd1 Qxd2 22. Rxd2 Kf8 23.
Kg2 Ne5 24. Be2 Rc8 25. Rd5 Nc4 26. Rb5 a5 27. Rxb7 Nxb2 28. Nd5 Ba3 29. Rb3
Rd8 30. Bf3 Nc4 31. Rc3 Ne5 32. Rxa3 Nxf3 33. Rxa5 Ne1+ 34. Kf1 Nf3 35. Ne3 g6
36. a4 h5 37. h4 Nd2+ 38. Kg2 Nb3 39. Rb5 Nd4 40. Rd5 Rxd5 41. Nxd5 Nc6 42. Kf3
Ke8 43. Kf4 Kd7 44. Kg5 Ke6 45. Nf4+ Ke5 46. Nxg6+ fxg6 47. Kxg6 Ke4 48. Kxh5
Kf3 49. g4 Kxf2 50. g5 Ke3 51. g6 Kd4 52. g7 Ne7 53. Kg5 Kc5 54. h5 Kb4 55. h6
1-0

[Event "Summer Cup"]
[Site "Wellington Chess Club"]
[Date "2013.02.28"]
[Round "4"]
[White "Sknar, Andrew"]
[Black "Scott-Howman, Zack"]
[Result "1-0"]
[WhiteElo "1427"]
[BlackElo "1290"]

1. e4 e5 2. Nf3 Nc6 3. c3 Nf6 4. d3 d5 5. Qb3 Bc5 6. Bg5 Qd6 7. Bxf6 gxf6 8.
exd5 Ne7 9. c4 b6 10. Nc3 Bb7 11. Ne4 Qd7 12. Nxf6+ Kd8 13. Nxd7 Kxd7 14. Nxe5+
Kd6 15. Nxf7+ 1-0

[Event "Summer Cup"]
[Site "Wellington Chess Club"]
[Date "2013.02.28"]
[Round "4"]
[White "Stracy, Don"]
[Black "Stone, Andrew"]
[Result "0-1"]
[WhiteElo "1763"]
[BlackElo "2027"]

1. e4 c6 2. Nc3 d5 3. Nf3 Bg4 4. h3 Bxf3 5. Qxf3 e6 6. d3 Bd6 7. g4 Qb6 8. a3
Nd7 9. Bg2 d4 10. Nd1 h6 11. h4 Ne5 12. Qe2 Ng6 13. Qf3 Ne5 14. Qe2 Ng6 15. Qf3
Qc7 16. c3 c5 17. cxd4 cxd4 18. Bd2 Ne5 19. Qe2 Qc2 20. Rh3 Ne7 21. Rc1 Qb3 22.
f4 N5c6 23. e5 Bc7 24. Be4 Nd5 25. Qf3 O-O-O 26. Rc5 Bb6 27. Bxd5 exd5 28. Rc1
Kb8 29. Rh2 Rhe8 30. Re2 Rc8 31. Kf1 Ba5 32. Be1 Bxe1 33. Kxe1 Na5 34. Rxc8+
Rxc8 35. Rd2 Qb5 36. Qe2 Nb3 37. Rc2 Nc5 38. Nf2 Qb3 {#Diagram White must be
careful} 39. Qd2 $2 Nxd3+ $1 {winning on the spot} 40. Qxd3 {White lost on
time} 0-1

[Event "Summer Cup"]
[Site "Wellington Chess Club"]
[Date "2013.02.28"]
[Round "4"]
[White "Turner, Michael"]
[Black "Ker, Anthony"]
[Result "0-1"]
[WhiteElo "2139"]
[BlackElo "2452"]

1. d4 d6 2. Nf3 g6 3. c4 Bg7 4. g3 e5 5. Nc3 Nd7 6. dxe5 dxe5 7. Bg2 Ngf6 8.
O-O O-O 9. Bg5 h6 10. Be3 c6 11. h3 Qe7 12. Qd2 Nb6 13. b3 Rd8 14. Qc1 Kh7 15.
Nh4 Nh5 16. Ne4 {#Diagram White's pieces are already slightly muddled and black
has a shot to further confuse them.} 16... Nf4 $1 17. Bxf4 $2 {Removing the
invader without making structural concessions is tempting, but white's position
cannot actually sustain this. It was necessary to grovel in a bad position}
17... exf4 18. Rb1 g5 19. Nf3 Bf5 {The two bishops on adjacent beautiful
diagonals ensure material gains for Black. Amusingly exactly the same theme on
the same diagonals appeared this week in both Whittle-Nyberg and
Forster-Brockway. White managed to survive (just) in only one of these games.}
20. c5 Bxe4 21. cxb6 fxg3 22. fxg3 a6 23. Qc4 Bxb1 24. Rxb1 {White resigned
shortly} 0-1

[Event "Summer Cup"]
[Site "Wellington Chess Club"]
[Date "2013.02.28"]
[Round "4"]
[White "Veldhuizen, Matt"]
[Black "Miriyala, Rama Rao"]
[Result "0-1"]
[WhiteElo "1576"]
[BlackElo "2028"]

1. c4 Nf6 2. g3 e5 3. Bg2 Bc5 4. Nc3 Nc6 5. Nf3 d6 6. d3 h6 7. a3 Be6 8. O-O
O-O 9. b4 Bb6 10. Na4 Qc8 11. Nxb6 axb6 12. Re1 Re8 13. Bb2 e4 14. Nd2 e3
{#Diagram} 15. Bxf6 $2 {An instructive mistake. To avoid mistakes like this
(Matt I'm talking to you, I know you read these reports) think about all the
(re)captures available to your opponent. In this position you are apparently
offering him a choice of two...} 15... exd2 $1 {But actually by capturing this
way first he gets to take both your pieces at the cost of one of his!} 16. Qxd2
gxf6 17. Qxh6 {White has two pawns for the piece and Black's structure doesn't
look good, but Black actually cruises home very comfortably} 17... Qd8 18. e3
Bf5 19. d4 Be4 20. f3 Bg6 21. Bh3 Re7 22. Red1 Qf8 23. Qf4 Kg7 24. e4 Qh8 25.
Bg2 Qh6 26. Qxh6+ Kxh6 27. g4 Kg5 28. Kf2 Kf4 29. h4 Ree8 30. h5 Bh7 31. d5 $2
{Matt insists on putting all his pawns on the same coloured square as his
bishop and invites the knight into a dominant outpost!} 31... Ne5 32. Rd4 Ra4
33. Rdd1 Rea8 0-1

[Event "Summer Cup"]
[Site "Wellington Chess Club"]
[Date "2013.02.28"]
[Round "4"]
[White "Whittle, Jonathon"]
[Black "Nyberg, Michael"]
[Result "0-1"]
[WhiteElo "1649"]
[BlackElo "2062"]

1. Nf3 c5 2. c4 Nf6 3. g3 g6 4. Bg2 Bg7 5. Nc3 d5 6. cxd5 Nxd5 7. O-O Nb6 8. d3
Nc6 9. Qc2 O-O 10. Ne4 Nd4 11. Qd1 c4 12. dxc4 Nxc4 13. Rb1 Bf5 14. Nh4 Bg4 15.
Nc3 Nxe2+ 16. Nxe2 Qxd1 17. Rxd1 Bxe2 18. Re1 Bd3 19. Ra1 Nxb2 20. Bf4 Ba6 21.
Rxe7 Nd3 22. Rb1 Nxf4 23. gxf4 Bf6 0-1

[Event "Summer Cup"]
[Site "Wellington Chess Club"]
[Date "2013.02.28"]
[Round "4"]
[White "Wight, Joshua"]
[Black "Timergazi, Irek"]
[Result "0-1"]
[WhiteElo "1410"]
[BlackElo "1425"]

1. e4 c6 2. d3 d5 3. f3 dxe4 4. fxe4 Nf6 5. Nc3 Bg4 6. Be2 h5 7. h3 Bxe2 8.
Qxe2 e6 9. Bg5 Be7 10. O-O-O Qa5 11. a3 Bxa3 12. bxa3 Qxg5+ 13. Kb1 Nbd7 14.
Nf3 Qa5 15. Kb2 O-O-O 16. Qe3 e5 17. Qg5 g6 18. Nxe5 Nxe5 19. Qxf6 Qb6+ 20. Kc1
Qa5 21. Kb2 Qb6+ 22. Kc1 Qd4 23. Kb2 Nc4+ 0-1

[Event "Summer Cup"]
[Site "Wellington Chess Club"]
[Date "2013.03.14"]
[Round "5"]
[White "Brockway, Andrew"]
[Black "Cunningham, Patrick"]
[Result "1-0"]
[WhiteElo "1836"]
[BlackElo "1431"]

1. e4 e5 2. Nf3 Nc6 3. Bb5 d6 4. d4 Bd7 5. O-O Nf6 6. Nc3 Be7 7. Bxc6 Bxc6 8.
dxe5 Nxe4 9. Nxe4 Bxe4 10. exd6 Bxd6 11. Ng5 Bg6 12. Re1+ Be7 13. Qe2 O-O 14.
Qxe7 Qd5 15. Qe2 h6 16. Nh3 Rfe8 17. Be3 Be4 18. f3 Bf5 19. Nf4 Qc6 20. Nd3 Re7
21. Qd2 Rae8 22. Bf2 Qg6 23. Rxe7 Rxe7 24. Re1 Rd7 25. Qe3 Be6 26. Ne5 Qxc2 27.
Nxd7 Bxd7 28. Qc3 Qg6 29. Qxc7 Bc6 30. Qg3 Qd3 31. Bxa7 Qd2 32. Qf2 1-0

[Event "Summer Cup"]
[Site "Wellington Chess Club"]
[Date "2013.03.14"]
[Round "5"]
[White "Cook, John"]
[Black "Rossiter, Philip"]
[Result "0-1"]
[WhiteElo "1646"]
[BlackElo "1820"]

1. d4 e6 2. e4 d5 3. e5 c5 4. c3 Nc6 5. Nf3 Qb6 6. Be2 f6 7. O-O Bd7 8. dxc5
Bxc5 9. b4 Be7 10. Be3 Qc7 11. Na3 Nxe5 12. Nxe5 fxe5 13. Nb5 Qb8 14. a4 Nf6
15. Bh5+ g6 16. Be2 a6 17. Na3 O-O 18. f4 Bd6 19. fxe5 Bxe5 20. Bd4 Bxh2+ 21.
Kh1 Be5 22. Bf3 Qc7 23. Rc1 Rac8 24. b5 axb5 25. Nxb5 Bxb5 26. axb5 Bxd4 27.
Qxd4 e5 28. Bxd5+ Kg7 29. Qd3 Ng4 30. Kg1 Qc5+ 31. Kh1 Nf2+ 32. Rxf2 Qxf2 33.
Bf3 Rf4 34. g3 Qxf3+ 35. Qxf3 Rxf3 0-1

[Event "Summer Cup"]
[Site "Wellington Chess Club"]
[Date "2013.03.14"]
[Round "5"]
[White "Heaton, Ken"]
[Black "Timergazi, Irek"]
[Result "0-1"]
[WhiteElo "1653"]
[BlackElo "1425"]

1. e4 c6 2. d4 d5 3. exd5 cxd5 4. c4 e6 5. Nc3 Nf6 6. c5 Nc6 7. Nf3 Be7 8. Be2
O-O 9. O-O b6 10. Bb5 Bb7 11. Qa4 Qc7 12. b4 Ng4 13. Ne2 a6 14. Bd3 f5 15. Bf4
Qd8 16. Rfe1 Nf6 17. a3 Ne4 18. Qb3 g5 19. Bc1 g4 20. Nd2 Bh4 21. g3 Bg5 22.
Nf4 Nxd4 23. Qd1 Bxf4 24. gxf4 Nxd2 25. Be2 N2f3+ 26. Bxf3 Nxf3+ 0-1

[Event "Summer Cup"]
[Site "Wellington Chess Club"]
[Date "2013.03.14"]
[Round "5"]
[White "Ker, Anthony"]
[Black "Wastney, Scott"]
[Result "1/2-1/2"]
[WhiteElo "2452"]
[BlackElo "2381"]

1. e4 e5 2. Nf3 Nc6 3. d4 exd4 4. Nxd4 Bc5 5. Nxc6 Qf6 6. Qd2 dxc6 7. Nc3 Qe7
8. Bd3 Nf6 9. O-O O-O 10. Qg5 Re8 11. Be3 Bd6 12. h3 Qe5 13. Qxe5 Bxe5 14. Rad1
b6 15. f4 Bxc3 16. bxc3 Bf5 17. e5 Nd5 18. Bd2 Bxd3 19. cxd3 c5 20. Rfe1 Ne7
21. c4 Rad8 22. Bc3 Nf5 23. Re4 Ng3 24. Re3 Nf5 25. Re4 Ng3 26. Re3 Nf5 1/2-1/2

[Event "Summer Cup"]
[Site "Wellington Chess Club"]
[Date "2013.03.14"]
[Round "5"]
[White "List, Robert"]
[Black "Sellen, Ian"]
[Result "0-1"]
[WhiteElo "1626"]
[BlackElo "2033"]

1. e4 e6 2. d4 d5 3. e5 c5 4. c3 Qb6 5. Nf3 Bd7 6. Bd3 Bb5 7. O-O Nc6 8. Bxb5
Qxb5 9. Nbd2 cxd4 10. cxd4 a5 11. a4 Qb6 12. Nb3 Nge7 13. Be3 Nf5 14. Rc1 Qb4
15. Nc5 Nxe3 16. fxe3 Be7 17. Qd3 O-O 18. h4 h6 19. g3 Bxc5 20. Rxc5 Qxa4 21.
Rf2 Qa1+ 22. Rf1 Qxb2 23. Rb1 Nb4 24. Qf1 Qa3 25. Qe2 Rfc8 26. Rbc1 Qxc1+ 27.
Rxc1 Rxc1+ 28. Kg2 Rc2 29. Nd2 a4 30. Kf3 a3 31. Qb5 Rxd2 32. Qxb4 a2 0-1

[Event "Summer Cup"]
[Site "Wellington Chess Club"]
[Date "2013.03.14"]
[Round "5"]
[White "Meyer, Marany"]
[Black "Jackson, Ross"]
[Result "0-1"]
[WhiteElo "2064"]
[BlackElo "1996"]

1. e4 c5 2. Bc4 e6 3. d3 d5 4. exd5 exd5 5. Qe2+ Be7 6. Bb3 Nf6 7. Bf4 O-O 8.
Nc3 Be6 9. O-O-O Nc6 10. Nf3 a6 11. Nb1 Na5 12. Rhe1 Nxb3+ 13. axb3 Re8 14. h3
b5 15. Ng5 Bd7 16. Qf1 Nh5 17. Rxe7 Qxe7 18. Bd2 h6 19. Nf3 Qd6 20. Ng1 Rac8
21. f4 Nf6 22. Nf3 d4 23. Ne5 Be6 24. g4 Bd5 25. Be1 Nd7 26. Nxd7 Qxd7 27. Nd2
a5 28. Nb1 a4 29. b4 cxb4 30. Bxb4 Re3 31. Rd2 Qc6 32. Na3 Rce8 33. Rf2 Qd7 34.
f5 Bc6 35. h4 Rg3 36. g5 hxg5 37. hxg5 Rxg5 38. Rh2 Qxf5 0-1

[Event "Summer Cup"]
[Site "Wellington Chess Club"]
[Date "2013.03.14"]
[Round "5"]
[White "Nyberg, Michael"]
[Black "Dive, Russell"]
[Result "0-1"]
[WhiteElo "2062"]
[BlackElo "2425"]

1. e4 e5 2. Nc3 Bc5 3. Bc4 d6 4. Nf3 Bg4 5. d3 Nc6 6. h3 Bh5 7. Ne2 Bxf3 8.
gxf3 Qh4 9. Ng3 Nge7 10. c3 f5 11. exf5 Nxf5 12. Ne4 Bb6 13. Qe2 Rf8 14. Bg5
Qh5 15. O-O-O h6 16. Bd2 O-O-O 17. Be6+ Kb8 18. Rhg1 Ncd4 19. cxd4 Nxd4 0-1

[Event "Summer Cup"]
[Site "Wellington Chess Club"]
[Date "2013.03.14"]
[Round "5"]
[White "Pomeroy, Arthur"]
[Black "Nijman, Brian"]
[Result "1/2-1/2"]
[WhiteElo "2108"]
[BlackElo "2153"]

1. e4 e6 2. d4 d5 3. Nc3 Bb4 4. e5 Ne7 5. a3 Bxc3+ 6. bxc3 b6 7. h4 Ba6 8. Bxa6
Nxa6 9. h5 h6 10. Nf3 Qd7 11. a4 Nb8 12. Rh4 Nbc6 13. Rg4 Nf5 14. Rf4 g5 15.
hxg6 fxg6 16. Nh2 g5 17. Ng4 Rf8 18. Rf3 O-O-O 19. Nf6 Qg7 20. Rh3 Rxf6 21.
exf6 Qxf6 22. Rf3 g4 23. Rf4 e5 24. dxe5 Qxe5+ 25. Kf1 Re8 26. g3 h5 27. Bb2
Nd6 28. a5 Nc4 29. axb6 Nxb2 30. Qb1 Nc4 31. Rxc4 Qe2+ 32. Kg1 dxc4 33. bxa7
Nxa7 34. Rxa7 Qe1+ 35. Qxe1 Rxe1+ 36. Kg2 1/2-1/2

[Event "Summer Cup"]
[Site "Wellington Chess Club"]
[Date "2013.03.14"]
[Round "5"]
[White "Roberts, Michael"]
[Black "Forster, Bill"]
[Result "0-1"]
[WhiteElo "1839"]
[BlackElo "2078"]

1. e4 c5 2. Nc3 g6 3. g3 Bg7 4. Bg2 Nc6 5. Nf3 Rb8 6. a4 a6 7. O-O b5 8. axb5
axb5 9. d3 d6 10. Ne2 e6 11. d4 cxd4 12. Nfxd4 Nge7 13. c3 O-O 14. Be3 Qc7 15.
Qd2 Ne5 16. Bh6 Nc4 17. Qc1 e5 18. Bxg7 Kxg7 19. Nc2 Bb7 20. Ne3 Ra8 21. Ng4
Ng8 22. b3 Rxa1 23. Qxa1 Nd2 24. Rd1 Nxe4 0-1

[Event "Summer Cup"]
[Site "Wellington Chess Club"]
[Date "2013.03.14"]
[Round "5"]
[White "Sknar, Andrew"]
[Black "Veldhuizen, Matt"]
[Result "0-1"]
[WhiteElo "963"]
[BlackElo "1576"]

1. e4 c6 2. d4 d5 3. e5 Bf5 4. Nf3 e6 5. Bd3 Bxd3 6. cxd3 Qb6 7. O-O Ne7 8. Nc3
Nd7 9. Bf4 Qxb2 10. Qd2 Qxd2 11. Nxd2 Nf5 12. h3 Nxd4 13. Be3 Nc2 14. Rac1 Nxe3
15. fxe3 Nxe5 16. Nf3 Nxd3 17. Rcd1 Nc5 18. Ng5 f6 19. Nf3 Bd6 20. a3 O-O 21.
e4 Rad8 22. Rfe1 dxe4 23. Nd2 f5 24. Nc4 Be7 25. Rxd8 Rxd8 26. a4 Bf6 27. a5
Bxc3 28. Rc1 Bd4+ 29. Kh1 Nd3 30. Rd1 Nf2+ 31. Kh2 Nxd1 32. Nd2 Be5+ 33. Kh1
Rxd2 34. Kg1 Ne3 35. Kh1 Rd1# 0-1

[Event "Summer Cup"]
[Site "Wellington Chess Club"]
[Date "2013.03.14"]
[Round "5"]
[White "Theodosiou, Andreas"]
[Black "Stracy, Don"]
[Result "0-1"]
[WhiteElo "1317"]
[BlackElo "1763"]

1. e4 c5 2. Nf3 e6 3. d4 cxd4 4. Nxd4 Nf6 5. Nc3 Nc6 6. Be3 Bb4 7. Bd3 d5 8.
Nxc6 bxc6 9. e5 Nd7 10. Qg4 Bf8 11. f4 Rb8 12. O-O Rxb2 13. Bxa7 Qa5 14. Bd4
Rb4 15. Ne2 g6 16. Bc3 Qa7+ 17. Kh1 Ra4 18. Nd4 Rxd4 19. Bxd4 Qxd4 20. Rab1
Nxe5 21. Qe2 Nd7 22. f5 Bd6 23. fxe6 fxe6 24. Qxe6+ Be7 25. Rf7 Qc5 26. Rxh7 $2
(26. Re1 {wins} ) 26... Rxh7 27. Bxg6+ Kd8 28. Bxh7 Nf6 29. Rb8 Nd7 30. Bf5 Qd6
31. Qxd6 Bxd6 32. Bxd7 Kxd7 33. Rxc8 Kxc8 34. Kg1 Kd7 35. Kf2 Ke6 36. Kf3 Bxh2
37. g4 Be5 38. a4 c5 39. a5 c4 40. a6 Bb8 41. Ke2 Ke5 42. Kf3 d4 43. g5 Kf5 44.
g6 Kxg6 45. Ke4 Ba7 46. Kd5 d3 0-1

[Event "Summer Cup"]
[Site "Wellington Chess Club"]
[Date "2013.03.14"]
[Round "5"]
[White "Van der Hoorn, Mark"]
[Black "Turner, Michael"]
[Result "1-0"]
[WhiteElo "2165"]
[BlackElo "2139"]

1. d4 g6 2. e4 c5 3. d5 d6 4. f4 Bg7 5. Nf3 a6 6. a4 Bg4 7. Be2 Bxf3 8. Bxf3
Nd7 9. O-O c4 10. Nc3 Rb8 11. Be3 Ngf6 12. Ba7 O-O 13. Bxb8 Qb6+ 14. Kh1 Rxb8
15. Qe2 Qc7 16. Rae1 Ne8 17. Bg4 Ndf6 18. Bh3 b5 19. axb5 axb5 20. e5 Nh5 21.
g4 b4 22. Ne4 Nxf4 23. Rxf4 Bxe5 24. Rf2 f6 25. Nd2 c3 26. bxc3 Bxc3 27. Qxe7
Qc5 28. Qe6+ Kh8 29. Qf7 Qxf2 30. Qf8# 1-0

[Event "Summer Cup"]
[Site "Wellington Chess Club"]
[Date "2013.03.17"]
[Round "5"]
[White "Marney, John"]
[Black "Wilkins, Mark"]
[Result "0-1"]
[WhiteElo "1586"]
[BlackElo "1909"]

1. e4 d5 2. exd5 Nf6 3. d4 Nxd5 4. c4 Nf6 5. Nf3 Bg4 6. Be2 e6 7. O-O c5 8. Be3
Nbd7 9. Nc3 Rc8 10. d5 Nb6 11. Bg5 Be7 12. dxe6 Bxe6 13. Ne5 O-O 14. Qc2 Nfd7
15. Bxe7 Qxe7 16. Qe4 Nxe5 17. Qxe5 Rfe8 18. b3 Nd7 19. Qg3 Nf6 20. Rfe1 Rcd8
21. Bd3 Nh5 22. Qf3 Qg5 23. Ne4 Qf4 24. Nxc5 Qxf3 25. gxf3 Bc8 {h} 26. Rxe8+
Rxe8 27. Be4 b6 28. Nd3 Kf8 29. b4 Rd8 30. Rd1 f5 31. Bd5 Nf6 32. Bc6 Be6 33.
Bb5 Rc8 34. Rc1 Ke7 35. a3 g5 36. c5 f4 37. Ne5 Bd5 38. c6 Rc7 39. Bd3 Kd6 40.
Nc4+ Bxc4 41. Rxc4 Rxc6 42. Rxc6+ Kxc6 43. Kf1 Kd5 44. Ke2 Kd4 45. Kd2 h6 46.
Ba6 Nd7 47. Bb7 Ne5 48. Ke2 Kc3 49. Bd5 Kb2 50. a4 Ka3 51. a5 Kxb4 52. axb6
axb6 53. Kd2 Kc5 54. Be4 Kc4 55. Kc2 b5 56. Kb2 b4 57. Kc2 b3+ 58. Kb1 Kc3 59.
Bd5 b2 60. Be4 Nc4 61. Bg6 Nd2+ 62. Ka2 Nxf3 0-1

[Event "Summer Cup"]
[Site "Wellington Chess Club"]
[Date "2013.03.21"]
[Round "6"]
[White "Brockway, Andrew"]
[Black "Miriyala, Rama Rao"]
[Result "0-1"]
[WhiteElo "1836"]
[BlackElo "1938"]

1. e4 c6 2. d4 d5 3. exd5 cxd5 4. Bd3 Nf6 5. Nf3 Bg4 6. h3 Bh5 7. Bf4 Qb6 8.
Nbd2 Nc6 9. Nb3 e6 10. c3 Be7 11. Qe2 Bg6 12. Bb5 a6 13. Bd3 Ne4 14. Ne5 Nxe5
15. Bxe5 Bd6 16. Bxg7 Rg8 17. Bh6 Qc7 18. Bd2 O-O-O 19. c4 Nxd2 20. Nxd2 Bxd3
21. Qxd3 Rxg2 22. cxd5 Bb4 {#Diagram} 23. Ke2 {Threatening either rook to c1}
(23. dxe6 Qf4 $1) 23... Bxd2 24. Qxd2 Qc4+ 25. Kd1 Qxd5 26. Rc1+ Kb8 27. Rc2
Qf3+ 28. Ke1 Qe4+ {This is more than good enough, although}  ( {The computer
finds the surprising combinative solution} 28... Rg4 $1) 29. Qe2 Qxd4 30. Rd2
{Allowing a liquidation to a 2 extra pawn rook ending which Black wins easily}
30... Qxd2+ 31. Qxd2 Rxd2 32. Kxd2 Rxf2+ 33. Kc3 Kc7 34. Rg1 h5 35. Rg3 e5 36.
Rd3 e4 37. Rd4 f5 38. Rc4+ Kd6 39. Rd4+ Ke5 40. Rd7 Rf3+ 41. Kd2 Rd3+ 42. Rxd3
exd3 43. Kxd3 Kf4 44. Ke2 Kg3 45. Ke3 f4+ 46. Ke2 Kg2 0-1

[Event "Summer Cup"]
[Site "Wellington Chess Club"]
[Date "2013.03.21"]
[Round "6"]
[White "Cunningham, Patrick"]
[Black "Cook, John"]
[Result "1/2-1/2"]
[WhiteElo "1504"]
[BlackElo "1646"]

1. e4 c5 2. Nf3 Nc6 3. Bc4 e6 4. Nc3 a6 5. d4 b5 6. Be2 cxd4 7. Nxd4 Bb7 8. O-O
Bc5 9. Be3 Bd6 10. Nf3 Bc7 11. Bg5 Nge7 12. a3 O-O 13. Bd3 Qb8 14. Qe2 Ng6 15.
Rfe1 Nce5 16. h3 h6 17. Nxe5 Bxe5 18. Be3 d5 19. exd5 exd5 20. Bxg6 fxg6 21.
Bc5 Re8 22. Qd3 d4 23. Bxd4 Bxd4 24. Qxd4 Qc7 25. Qg4 g5 26. Rad1 Rf8 27. Qe6+
Kh8 28. Qe5 Qc6 29. Qd5 Qb6 30. Qd4 Qc6 31. Qd5 Qb6 32. Qd4 Qc6 1/2-1/2